|
|
|
|
| LEADER |
00891nam a2200229 a 4500 |
| 001 |
3194351 |
| 008 |
100427s1978 cau b 000 0 eng d |
| 010 |
|
|
|a 77026096
|
| 020 |
|
|
|a 0882840606
|
| 040 |
|
|
|a DLC
|c DLC
|d DLC
|d BD-DhAAL
|
| 082 |
0 |
0 |
|a 362/.042
|
| 245 |
1 |
0 |
|a Exploring social problems :
|b readings and research /
|c edited by Cary S. Kart.
|
| 260 |
|
|
|a Sherman Oaks, CA :
|b Alfred Pub. Co.,
|c c1978.
|
| 300 |
|
|
|a xi, 473 p. ;
|c 23 cm.
|
| 504 |
|
|
|a Includes bibliographical references.
|
| 541 |
1 |
|
|e 00002613
|
| 650 |
|
0 |
|a Social problems.
|
| 650 |
|
0 |
|a Social sciences
|x Methodology.
|
| 700 |
1 |
|
|a Kart, Cary S.
|q (Cary Steven),
|d 1946-
|
| 852 |
4 |
|
|a Ayesha Abed Library
|j General shelf
|
| 999 |
|
|
|c 8269
|d 8269
|
| 952 |
|
|
|0 0
|1 0
|2 ddc
|4 0
|6 362_042000000000000_EXP_1978
|7 0
|9 9494
|a BRACUL
|b BRACUL
|c GEN
|d 2010-04-27
|g 0.00
|l 0
|o 362.042 EXP
|p 3010002613
|r 2010-04-27
|t 1
|w 2010-04-27
|y BK
|z Not price in Register
|